000 00699nam a2200241 a 4500
001 25603
003 CO-ViMGA
008 141112s2004 ck r 000 u spa d
020 _a9789588562391
040 _aCO-ViMGA
_bspa
_cCO-ViMGA
041 _aSPA
090 _aT COL19
110 _aColectivo Teatral Matacandelas
_939241
245 1 0 _aFernando González. Velada metafísica /
_cColectivo Teatral Matacandelas
250 _a1a ed., 1a reimpr.
260 _aMedellín :
_bTragaluz,
_c2013
300 _a139 p.
490 _aDeus ex machina
650 1 4 _aARGUMENTOS, (DRAMA, NOVELA, ETC)
_939242
650 1 4 _aTEATRO COLOMBIANO
650 1 4 _aTEATRO EXPERIMENTAL
_939243
942 _2ddc
_cBK
999 _c5176
_d5176